| 000 | 00685 a2200157 4500 | ||
|---|---|---|---|
| 003 | NUST | ||
| 005 | 20221202181716.0 | ||
| 040 | _cNust | ||
| 082 | _a020,KOC | ||
| 100 |
_aKochar, R.S. _99030 |
||
| 245 |
_aModern library and Information Facilities / _cR.S. Kochar |
||
| 260 |
_a New Delhi _bStylish laser _cc1998 |
||
| 300 | _a246, p.: | ||
| 505 | _aModern Information Technology (Page-1), Effective Organization (Page-26), Library Leadership (Page-61), Library Training (Page-75), Effect Of Automation (Page-111), Automation In Libraries (Page-127), Automation And Inter library Lending (Page-146), Multimedia Resources And Online Catalogues (Page-186). | ||
| 942 |
_2ddc _cBK _k020,KOC |
||
| 999 |
_c193686 _d193686 |
||